[Event "AUTO-ADV-1575"]
[Site "http://www.queenalice.com/game.php?id=698823"]
[Date "2009.12.16"]
[Round "1"]
[White "yanpom"]
[Black "Psyduck"]
[Result "0-1"]
[WhiteElo "1518"]
[BlackElo "1944"]

1. e4 c5 2. Nf3 d6 3. d4 cxd4 4. Nxd4 Nf6 5. Nc3 a6 6. Bd3 g6 7. Nf3 Bg7 8. O-O
Nc6 9. Be3 O-O 10. Qd2 Ng4 11. h3 Nxe3 12. fxe3 Qb6 13. Na4 Qc7 14. Rab1 Bd7 15.
b3 Rac8 0-1

[Event "AUTO-ADV-1575"]
[Site "http://www.queenalice.com/game.php?id=698824"]
[Date "2009.12.16"]
[Round "1"]
[White "Psyduck"]
[Black "yanpom"]
[Result "1-0"]
[WhiteElo "1942"]
[BlackElo "1520"]

1. e4 e5 2. Nf3 Nc6 3. Bb5 a6 4. Ba4 b5 5. Bb3 Nf6 6. O-O Bc5 7. d3 h6 8. c3 O-O
9. h3 d6 10. Re1 Ne7 11. Nbd2 Be6 12. d4 exd4 13. cxd4 Ba7 14. Bc2 d5 15. e5 Nh7
16. Nf1 1-0

[Event "AUTO-OPEN-1800"]
[Site "http://www.queenalice.com/game.php?id=698845"]
[Date "2009.12.16"]
[Round "1"]
[White "tenentemurdock"]
[Black "Psyduck"]
[Result "1/2-1/2"]
[WhiteElo "1549"]
[BlackElo "1964"]

1. e4 c5 2. e5 Nc6 3. Nf3 Qc7 4. Qe2 g6 5. Qe3 b6 6. Bb5 Bb7 7. Nc3 e6 8. Bxc6
Bxc6 9. Ne4 d5 10. exd6 Bxd6 11. Qc3 Bxe4 12. Qxh8 O-O-O 13. Qc3 Bxf3 14. gxf3
Be5 15. Qc4 Rd4 16. Qa6+ Kb8 17. c3 Rd8 18. h3 Ne7 19. a4 Nc6 20. d3 Na5 21. Be3
f5 22. f4 Bxf4 23. O-O-O Be5 24. Kb1 Qc6 25. Qb5 Qc7 26. d4 cxd4 27. Bxd4 Bd6
28. Be5 Nc6 29. Bxd6 Rxd6 30. Rxd6 Qxd6 31. c4 Kb7 32. c5 Qd5 33. Rc1 Qe4+ 34.
Ka2 Nb4+ 35. Kb3 Nd3 36. Rc4 Qe2 37. c6+ Kc7 38. Rc2 Qe4 39. Qa6 Qb4+ 40. Ka2
Nc5 41. Qxa7+ Kd6 42. Rxc5 bxc5 43. Qd7+ Ke5 44. c7 Qc4+ 45. b3 Qc2+ 46. Ka3
Qc1+ 1/2-1/2

[Event "AUTO-OPEN-1800"]
[Site "http://www.queenalice.com/game.php?id=698846"]
[Date "2009.12.16"]
[Round "1"]
[White "Psyduck"]
[Black "tenentemurdock"]
[Result "1-0"]
[WhiteElo "1940"]
[BlackElo "1489"]

1. e4 e5 2. Nf3 Nc6 3. Bc4 Bc5 4. c3 Nf6 5. d4 exd4 6. O-O Nxe4 7. Bd5 Nf6 8.
Bxc6 dxc6 9. cxd4 Be7 10. Nc3 O-O 11. h3 Be6 12. Re1 Qd6 13. Qc2 h6 14. Be3 b5
15. a3 a6 16. Rad1 Rad8 17. Ne5 g6 18. Bxh6 Bf5 19. Qc1 Rfe8 20. Ne2 c5 21. Bf4
Qb6 22. Be3 c4 23. Ng3 Bd6 24. Nxf5 gxf5 25. Qc2 Bxe5 26. dxe5 Ne4 27. Bxb6 cxb6
28. Rxd8 1-0

[Event "AUTO-OPEN-1800"]
[Site "http://www.queenalice.com/game.php?id=698873"]
[Date "2009.12.16"]
[Round "1"]
[White "superga49"]
[Black "Psyduck"]
[Result "1-0"]
[WhiteElo "1493"]
[BlackElo "1953"]

1. d4 d6 2. c4 g6 3. Nc3 Bg7 4. e4 e5 5. Nf3 Bg4 6. d5 c6 7. h3 Bxf3 8. Qxf3 Ne7
9. Bd3 O-O 10. Bg5 h6 11. Bh4 Qd7 12. Bf6 Na6 13. a3 cxd5 14. cxd5 Nc5 15. Bc2
Rac8 16. O-O Kh7 17. Rac1 Ng8 18. Bxg7 Kxg7 19. b4 Na6 20. Ba4 Qe7 21. Nb5 b6
22. Qe2 Nb8 23. Rxc8 Rxc8 24. Qd2 Nf6 25. Nc3 Qc7 26. Nb5 Qe7 27. Nc3 a6 28. Qe3
b5 29. Bd1 Qc7 30. Ne2 Qc1 31. Nxc1 1-0

[Event "AUTO-OPEN-1800"]
[Site "http://www.queenalice.com/game.php?id=698874"]
[Date "2009.12.16"]
[Round "1"]
[White "Psyduck"]
[Black "superga49"]
[Result "0-1"]
[WhiteElo "1950"]
[BlackElo "1704"]

1. e4 c5 2. Nf3 d6 3. d4 cxd4 4. Qxd4 Nc6 5. Bb5 Bd7 6. Bxc6 Bxc6 7. Nc3 e5 8.
Qd3 Be7 9. Be3 Nf6 10. h3 b5 11. Nd2 d5 12. exd5 Nxd5 13. Nxd5 Qxd5 14. Qxd5
Bxd5 15. O-O O-O 16. Rfd1 f5 17. Nf1 Rfd8 18. f3 f4 19. Bf2 e4 20. fxe4 Bc6 21.
Nh2 Bf6 22. c3 Bxe4 23. Ng4 Kf7 24. Nxf6 Kxf6 25. Bd4+ Kf7 26. Kf2 a6 27. Rac1
Rd5 28. Re1 Re8 29. Rcd1 Rg5 30. Rg1 Rg3 31. Bc5 Bc6 32. Rd4 g5 33. Rd6 Re6 34.
Rd8 a5 35. Rf8+ Kg7 36. Rf5 Kg6 37. Rf8 a4 38. a3 Bd5 39. Rd8 Bc4 40. Rd6 Rxd6
41. Bxd6 Rd3 42. Bb4 Rd2+ 43. Ke1 Rxb2 44. Bc5 Kf5 45. Bb4 Ke4 46. Bc5 h5 47.
Bb4 g4 48. hxg4 hxg4 49. Bc5 Kd3 50. Bd4 g3 51. Rf1 Rb1# 0-1

[Event "AUTO-OPEN-1800"]
[Site "http://www.queenalice.com/game.php?id=698893"]
[Date "2009.12.16"]
[Round "1"]
[White "Psyduck"]
[Black "SloVice"]
[Result "1-0"]
[WhiteElo "1940"]
[BlackElo "1849"]

1. e4 c5 2. Nf3 Nc6 3. d4 cxd4 4. Nxd4 d6 5. Nc3 Nf6 6. Bg5 e5 7. Nb3 Be7 8. Be2
O-O 9. O-O h6 10. Be3 b6 11. f4 Rb8 12. Kh1 Bd7 13. Bf3 Nb4 14. a3 Na6 15. Qe1
Rc8 16. fxe5 dxe5 17. Qg3 Kh7 18. Qxe5 Ng4 19. Bxg4 Bxg4 20. Qg3 Bg5 21. Bxb6
axb6 22. Qxg4 Nc5 23. Nxc5 Rxc5 24. Rad1 Qb8 25. Rd7 Rc7 26. Rfd1 Rxd7 27. Qxd7
Kg8 28. Nd5 Re8 29. Rf1 f6 30. Ne7+ Rxe7 31. Qxe7 Kh7 32. Qd7 Qe5 33. Qf5+ Kg8
34. Qxe5 fxe5 35. Rf3 Bd8 36. Kg1 Bc7 37. Kf2 Bd6 38. Ke3 Bc5+ 39. Kd3 Bg1 40.
h3 Bd4 41. b3 b5 42. c4 bxc4+ 43. Kxc4 g5 44. b4 Kg7 45. b5 Kg6 46. Rf5 1-0

[Event "AUTO-OPEN-1800"]
[Site "http://www.queenalice.com/game.php?id=698894"]
[Date "2009.12.16"]
[Round "1"]
[White "SloVice"]
[Black "Psyduck"]
[Result "1/2-1/2"]
[WhiteElo "1837"]
[BlackElo "1952"]

1. e4 c5 2. Nf3 d6 3. d4 cxd4 4. Nxd4 Nf6 5. Nc3 g6 6. Be3 Bg7 7. f3 Nc6 8. Qd2
O-O 9. O-O-O d5 10. Nxc6 bxc6 11. exd5 Nxd5 12. Nxd5 cxd5 13. Qxd5 Qc7 14. c3
Bxc3 15. Qc5 Qxc5 16. Bxc5 Bf6 17. Bc4 Rb8 18. b3 a5 19. a4 Bb7 20. Rhe1 Rfd8
21. Rxd8+ Rxd8 22. Bxe7 Bxe7 23. Rxe7 Bd5 24. Bxd5 Rxd5 25. Kc2 Kf8 26. Re4 f5
27. Re6 Kf7 28. Rc6 h6 29. Rc4 Kf6 30. b4 axb4 31. Rxb4 h5 32. h4 Re5 33. Kd2
Rc5 34. Rb6+ Kf7 35. Rb5 Rc4 36. a5 Ra4 37. Ke3 Rxh4 38. a6 Ra4 39. Rb7+ Kf6 40.
a7 f4+ 41. Kf2 Ra2+ 42. Kg1 Kg5 43. Kh2 Kh4 44. Rg7 Ra6 45. a8=Q Rxa8 46. Rxg6
Ra2 1/2-1/2

[Event "AUTO-MASTER-985"]
[Site "http://www.queenalice.com/game.php?id=698971"]
[Date "2009.12.16"]
[Round "1"]
[White "Psyduck"]
[Black "yanpom"]
[Result "1-0"]
[WhiteElo "1946"]
[BlackElo "1516"]

1. e4 e5 2. Nf3 Nc6 3. Bb5 a6 4. Ba4 b5 5. Bb3 Nf6 6. O-O Bc5 7. Qe2 h6 8. c3
O-O 9. Rd1 d6 10. d4 exd4 11. cxd4 Ba7 12. h3 Re8 13. Nbd2 Nxd4 14. Nxd4 Bxd4
15. Kh1 d5 16. Nf3 1-0

[Event "AUTO-MASTER-985"]
[Site "http://www.queenalice.com/game.php?id=698972"]
[Date "2009.12.16"]
[Round "1"]
[White "yanpom"]
[Black "Psyduck"]
[Result "0-1"]
[WhiteElo "1514"]
[BlackElo "1948"]

1. e4 c5 2. Nf3 d6 3. d4 cxd4 4. Nxd4 Nf6 5. Nc3 g6 6. Bd3 Bg7 7. Nf3 O-O 8. Bd2
Nc6 9. O-O Bg4 10. h3 Bxf3 11. Qxf3 Ne5 12. Qe2 Nxd3 13. Qxd3 Rc8 14. Rfe1 a6
15. Rab1 Qc7 0-1

[Event "AUTO-MASTER-985"]
[Site "http://www.queenalice.com/game.php?id=698973"]
[Date "2009.12.16"]
[Round "1"]
[White "Psyduck"]
[Black "mad_knight"]
[Result "1/2-1/2"]
[WhiteElo "1963"]
[BlackElo "2121"]

1. e4 c5 2. Nf3 e6 3. d4 cxd4 4. Nxd4 Nf6 5. Bd3 Nc6 6. c3 e5 7. Nf3 d5 8. exd5
Qxd5 9. Bc2 Qxd1+ 10. Bxd1 Bg4 11. h3 Bxf3 12. Bxf3 e4 13. Be2 h6 14. Be3 Nd5
15. Bd2 Bc5 16. Bc4 1/2-1/2

[Event "AUTO-MASTER-985"]
[Site "http://www.queenalice.com/game.php?id=698974"]
[Date "2009.12.16"]
[Round "1"]
[White "mad_knight"]
[Black "Psyduck"]
[Result "1/2-1/2"]
[WhiteElo "2126"]
[BlackElo "1956"]

1. e4 c5 2. Nf3 d6 3. d4 cxd4 4. Qxd4 Nc6 5. Bb5 Bd7 6. Bxc6 Bxc6 7. Nc3 Nf6 8.
Bg5 Nd7 9. O-O-O h6 10. Be3 Qa5 11. Nd5 Bxd5 12. Qxd5 Qxd5 13. exd5 g6 1/2-1/2

[Event "AUTO-MASTER-985"]
[Site "http://www.queenalice.com/game.php?id=698975"]
[Date "2009.12.16"]
[Round "1"]
[White "Psyduck"]
[Black "Arthur0007"]
[Result "0-1"]
[WhiteElo "1953"]
[BlackElo "2033"]

1. e4 e5 2. Nf3 Nf6 3. Nxe5 d6 4. Nf3 Nxe4 5. Bd3 d5 6. c3 Bd6 7. O-O O-O 8. h3
c6 9. Bc2 h6 10. d4 Be6 11. Nbd2 Qd7 12. Nxe4 dxe4 13. Bxe4 Bxh3 14. gxh3 Qxh3
15. Ne5 f6 16. Qg4 Qxg4+ 17. Nxg4 f5 18. Nxh6+ gxh6 19. Bd3 Rf6 20. Re1 Nd7 21.
Bd2 Kh7 22. Bc4 Nb6 23. Bb3 Nd5 24. Bxd5 cxd5 25. Rad1 Rg8+ 26. Kf1 f4 27. Ke2
Re6+ 28. Kd3 Rge8 29. Rxe6 Rxe6 30. Re1 Rxe1 31. Bxe1 Kg6 32. Ke2 Kf5 33. Kf3 h5
34. b3 h4 35. Kg2 Ke4 36. f3+ Kd3 37. c4 dxc4 38. bxc4 Kxc4 39. Bxh4 a5 40. Bf6
b5 41. Kf2 b4 42. Ke2 a4 43. Kd2 b3 44. axb3+ Kxb3 45. d5 Kc4 46. Kc2 a3 47. Kb1
Kxd5 48. Bg5 Kd4 49. Ka2 Ke3 50. Bd8 Kxf3 51. Bb6 Ke2 52. Bd4 f3 53. Bg1 f2 54.
Bxf2 Kxf2 55. Kb1 Ke2 56. Ka2 Kd3 0-1

[Event "AUTO-MASTER-985"]
[Site "http://www.queenalice.com/game.php?id=698976"]
[Date "2009.12.16"]
[Round "1"]
[White "Arthur0007"]
[Black "Psyduck"]
[Result "1-0"]
[WhiteElo "2063"]
[BlackElo "1965"]

1. e4 c5 2. Nf3 d6 3. Bb5+ Nd7 4. e5 a6 5. Bxd7+ Bxd7 6. exd6 exd6 7. d3 Be7 8.
Nc3 Nf6 9. O-O O-O 10. h3 Bc6 11. Re1 Re8 12. Bf4 d5 13. Ne5 Bd6 14. Nxc6 bxc6
15. Rxe8+ Nxe8 16. Qg4 Bxf4 17. Qxf4 Nf6 18. Na4 Qe7 19. Kf1 Re8 20. Qd2 Qd6 21.
Re1 Rxe1+ 22. Kxe1 Qe7+ 23. Qe3 Qxe3+ 24. fxe3 Nd7 25. b3 Kf8 26. Nb2 Ke7 27.
Kf2 Ke6 28. Kf3 Ke5 29. g3 h5 30. c3 Nb6 31. d4+ cxd4 32. Nd3+ Kf5 33. cxd4 a5
34. Ne5 f6 35. Nxc6 a4 36. Ne7+ Ke6 37. Ng6 axb3 38. axb3 Kf5 39. Nf4 h4 40. g4+
Kg5 41. e4 dxe4+ 42. Kxe4 g6 43. Ne6+ 1-0

[Event "AUTO-OPEN-1542"]
[Site "http://www.queenalice.com/game.php?id=702064"]
[Date "2009.12.22"]
[Round "2"]
[White "jmsteinfeld"]
[Black "Psyduck"]
[Result "0-1"]
[WhiteElo "1711"]
[BlackElo "1958"]

1. e4 c5 2. Bc4 e6 3. d3 d5 4. exd5 exd5 5. Bb3 Nc6 6. Qe2+ Be7 7. Bg5 f6 8. Bh4
Nh6 9. Qh5+ Nf7 10. Bxd5 O-O 11. Be4 Nh6 12. Nf3 Nd4 13. Nxd4 cxd4 14. Qd5+ Qxd5
15. Bxd5+ Kh8 16. O-O Bd6 17. Nd2 Rb8 18. Bg3 Bxg3 19. fxg3 b6 20. Nf3 Ba6 21.
Nxd4 Rbd8 22. Ne6 Rxd5 23. Nxf8 Bc8 24. Rae1 Kg8 25. Re8 Bf5 26. Ra8 Kf7 27.
Rxf5 Nxf5 28. Nxh7 Rd7 29. Nf8 Re7 30. Kf2 Nd4 31. Rc8 Re2+ 32. Kf1 Rxc2 33.
Rxc2 Nxc2 34. Nd7 Nb4 35. Ke2 Nxa2 36. Nb8 Nb4 37. Kd2 Ke7 38. Kc3 a5 39. Kc4
Kd6 40. Kb5 Kc7 41. Na6+ Nxa6 42. Kxa6 Kc6 43. h4 Kc5 44. g4 a4 45. g5 fxg5 0-1

[Event "AUTO-OPEN-1542"]
[Site "http://www.queenalice.com/game.php?id=702065"]
[Date "2009.12.22"]
[Round "2"]
[White "Psyduck"]
[Black "jmsteinfeld"]
[Result "1-0"]
[WhiteElo "1950"]
[BlackElo "1739"]

1. e4 e5 2. Nf3 d6 3. d4 exd4 4. Nxd4 g6 5. c3 Bg7 6. Be3 Nc6 7. Bc4 Nxd4 8.
cxd4 Nf6 9. Nc3 O-O 10. O-O b6 11. f3 Bb7 12. Rc1 a6 13. Bb3 c5 14. Ne2 cxd4 15.
Nxd4 d5 16. e5 Nh5 17. g4 Bxe5 18. gxh5 Qh4 19. f4 Bxd4 20. Bxd4 gxh5 21. Rc3 f6
22. Qf3 Qg4+ 23. Qxg4+ hxg4 24. Rc7 Rab8 25. Rxb7 1-0

[Event "AUTO-OPEN-1542"]
[Site "http://www.queenalice.com/game.php?id=702072"]
[Date "2009.12.22"]
[Round "2"]
[White "Shortquick"]
[Black "Psyduck"]
[Result "0-1"]
[WhiteElo "1744"]
[BlackElo "1932"]

1. d4 d6 2. Nf3 g6 3. c4 Bg7 4. Nc3 Nc6 5. e3 e5 6. d5 Nce7 7. Be2 f5 8. O-O Nf6
9. Ng5 h6 10. Ne6 Bxe6 11. dxe6 O-O 0-1

[Event "AUTO-OPEN-1542"]
[Site "http://www.queenalice.com/game.php?id=702073"]
[Date "2009.12.22"]
[Round "2"]
[White "Psyduck"]
[Black "Shortquick"]
[Result "1-0"]
[WhiteElo "1923"]
[BlackElo "1753"]

1. e4 c5 2. Nf3 Nc6 3. c3 g6 4. Bb5 Bg7 5. O-O a6 6. Bxc6 bxc6 7. d4 cxd4 8.
cxd4 d6 9. Nc3 Qb6 10. h3 Nf6 11. Re1 O-O 12. Qc2 1-0

[Event "AUTO-OPEN-1542"]
[Site "http://www.queenalice.com/game.php?id=702076"]
[Date "2009.12.22"]
[Round "2"]
[White "Matrick"]
[Black "Psyduck"]
[Result "1-0"]
[WhiteElo "2379"]
[BlackElo "1967"]

1. e4 c5 2. Nf3 d6 3. d4 cxd4 4. Nxd4 Nf6 5. Nc3 g6 6. Be3 Bg7 7. f3 Nc6 8. Qd2
O-O 9. Bc4 Bd7 10. O-O-O Ne5 11. Bb3 Rc8 12. g4 Nc4 13. Bxc4 Rxc4 14. Kb1 Qa5
15. g5 Nh5 16. Nd5 Qd8 17. Ne2 f5 18. gxf6 Bxf6 19. Bxa7 Be5 20. Ng3 Ng7 21. f4
Bf6 22. Nxf6+ Rxf6 23. Bd4 Rf7 24. f5 e5 25. fxg6 hxg6 26. Bc3 Qb6 27. Qxd6 Bc6
28. Bxe5 Rd7 29. Qb8+ Kh7 30. Rxd7 Bxd7 31. Qf8 1-0

[Event "AUTO-OPEN-1542"]
[Site "http://www.queenalice.com/game.php?id=702077"]
[Date "2009.12.22"]
[Round "2"]
[White "Psyduck"]
[Black "Matrick"]
[Result "0-1"]
[WhiteElo "1980"]
[BlackElo "2388"]

1. e4 e6 2. d4 d5 3. c4 dxe4 4. Nc3 Bb4 5. f3 Nf6 6. Bg5 h6 7. Be3 c5 8. a3
Bxc3+ 9. bxc3 Qa5 10. Qc2 cxd4 11. Bxd4 e5 12. Be3 O-O 13. Be2 Nc6 14. fxe4 Nxe4
15. Rc1 Nd6 16. Nf3 Qxa3 17. c5 Bf5 18. Qd1 Ne4 19. O-O Nxc3 20. Qd2 Nxe2+ 21.
Qxe2 Bd3 0-1

[Event "Challenge"]
[Site "http://www.queenalice.com/game.php?id=737004"]
[Date "2010.2.24"]
[Round "-"]
[White "ORNELAS"]
[Black "Psyduck"]
[Result "1-0"]
[WhiteElo "1693"]
[BlackElo "1924"]

1. d4 c5 2. c3 e6 3. d5 exd5 4. Qxd5 Nf6 5. Qe5+ Be7 6. Bg5 d6 7. Qe3 O-O 8. Qd2
Nc6 9. Nf3 Ne4 10. Qc1 Nxg5 11. Nbd2 Nxf3+ 12. Nxf3 Bf6 13. g3 Ne5 14. Bg2 Nxf3+
15. exf3 Re8+ 16. Kf1 Qe7 17. Kg1 Qe2 18. Qf4 Qxb2 19. Rc1 Bxc3 20. Rd1 Be5 21.
Qa4 Bf5 22. g4 Bc2 23. Qc4 Bxd1 24. h3 Bd4 25. Kh2 Bxf3 26. Rf1 Bxg2 27. Kxg2
Re2 28. Qd3 Rxf2+ 29. Kg3 1-0

[Event "AUTO-ADV-1575"]
[Site "http://www.queenalice.com/game.php?id=798482"]
[Date "2010.7.4"]
[Round "2"]
[White "Psyduck"]
[Black "CSilva"]
[Result "0-1"]
[WhiteElo "1878"]
[BlackElo "1868"]

1. d4 d5 2. c4 c6 3. Nf3 Nf6 4. e3 e6 5. Bd3 Be7 6. g4 dxc4 7. Bxc4 Nbd7 8. Nc3
O-O 9. g5 Nd5 10. h4 N7b6 11. Bb3 Bb4 12. Bd2 c5 13. a3 cxd4 14. Nxd4 Nxc3 15.
bxc3 Be7 16. e4 Bd7 17. a4 Rc8 18. O-O e5 19. Nf5 Bxf5 20. exf5 Qd3 21. Bc2 Qh3
22. Qh5 e4 23. Bxe4 Bd6 24. f4 Bc5+ 25. Rf2 Qg3+ 26. Kh1 Bxf2 27. f6 Qxh4+ 0-1

[Event "AUTO-ADV-1575"]
[Site "http://www.queenalice.com/game.php?id=798483"]
[Date "2010.7.4"]
[Round "2"]
[White "CSilva"]
[Black "Psyduck"]
[Result "0-1"]
[WhiteElo "1884"]
[BlackElo "1862"]

1. e4 e5 2. Nf3 Nf6 3. Nxe5 Nxe4 4. Qe2 Qe7 5. Qxe4 d6 6. d4 dxe5 7. Qxe5 Qxe5+
8. dxe5 Bf5 9. Bd3 Bxd3 10. cxd3 Nc6 11. O-O O-O-O 12. Bf4 Rxd3 13. Nc3 Bb4 14.
Ne2 Rhd8 15. a3 Be7 16. b4 h6 17. h3 R8d5 18. Bh2 Rd2 19. Nc3 R5d3 20. Ne4 Re2
21. f3 Nd4 22. Nf2 Rdd2 23. Bf4 Rc2 24. Rac1 Bh4 25. Rxc2 Rxc2 26. g3 Ne2+ 27.
Kg2 Nxf4+ 28. gxf4 Kd7 29. Kg1 Bxf2+ 30. Rxf2 Rxf2 31. Kxf2 Ke6 32. Ke3 Kf5 33.
a4 a6 34. h4 h5 35. b5 a5 0-1

[Event "AUTO-ADV-1575"]
[Site "http://www.queenalice.com/game.php?id=798484"]
[Date "2010.7.4"]
[Round "2"]
[White "Psyduck"]
[Black "Arthur0007"]
[Result "0-1"]
[WhiteElo "1888"]
[BlackElo "2040"]

1. d4 Nf6 2. Nf3 d5 3. c4 e6 4. Bg5 h6 5. Bh4 Be7 6. Nc3 dxc4 7. e3 Nc6 8. Bxc4
O-O 9. O-O a6 10. Qe2 Nd5 11. Bxe7 Ncxe7 12. Rfd1 c6 13. Ne5 f6 14. Nf3 b5 15.
Bb3 a5 16. Rac1 Bb7 17. Ne4 a4 18. Bc2 Nc7 19. Nc5 Bc8 20. Qd3 g6 21. Nh4 Qe8
22. Nxg6 Qxg6 23. Qxg6+ Nxg6 24. Bxg6 Kg7 25. Be4 Nd5 26. Nd3 Bd7 27. Bf3 Kf7
28. a3 Ke7 29. Rc5 Rg8 30. e4 Nb6 31. e5 Nd5 32. exf6+ Kxf6 33. Ne5 Be8 34. Nxc6
Rc8 35. Ne5 Rxc5 36. dxc5 Kxe5 37. g3 h5 38. h4 Rg7 39. Kf1 Rc7 40. Re1+ Kd4 41.
Rxe6 Bf7 42. Re4+ Kxc5 0-1

[Event "AUTO-ADV-1575"]
[Site "http://www.queenalice.com/game.php?id=798485"]
[Date "2010.7.4"]
[Round "2"]
[White "Arthur0007"]
[Black "Psyduck"]
[Result "1-0"]
[WhiteElo "2034"]
[BlackElo "1899"]

1. e4 c5 2. c3 d6 3. Nf3 g6 4. d4 Qc7 5. Be3 Bh6 6. Qd2 Bxe3 7. fxe3 Nf6 8. e5
Ne4 9. Qc2 d5 10. Nbd2 f5 11. Nxe4 fxe4 12. Nd2 O-O 13. O-O-O Rf2 14. Qb3 c4 15.
Nxc4 dxc4 16. Bxc4+ Kg7 17. Rdf1 Rxf1+ 18. Rxf1 Bf5 19. Bg8 e6 20. Bxe6 Bxe6 21.
Qxe6 Qc6 22. Rf7+ Kh6 23. Qh3+ Kg5 24. Qg3+ Kh6 25. Qh4# 1-0